<?xml version="1.0" encoding="UTF-8"?>
<record
    xmlns:xsi="http://www.w3.org/2001/XMLSchema-instance"
    xsi:schemaLocation="http://www.loc.gov/MARC21/slim http://www.loc.gov/standards/marcxml/schema/MARC21slim.xsd"
    xmlns="http://www.loc.gov/MARC21/slim">

  <leader>01229nas a2200277 i 4500</leader>
  <controlfield tag="003">DO-SdUA</controlfield>
  <controlfield tag="005">20260318144550.0</controlfield>
  <controlfield tag="008">260318e1997    dr f  p|r    ||   | spa d</controlfield>
  <datafield tag="040" ind1=" " ind2=" ">
    <subfield code="a">DO-SdUA</subfield>
    <subfield code="b">spa</subfield>
    <subfield code="c">DO-SdBNP</subfield>
    <subfield code="e">rda</subfield>
  </datafield>
  <datafield tag="041" ind1="0" ind2=" ">
    <subfield code="a">spa</subfield>
  </datafield>
  <datafield tag="245" ind1="0" ind2="0">
    <subfield code="a">Perspectivas :</subfield>
    <subfield code="b">revista filos&#xF3;fico-teol&#xF3;gico-pastoral /</subfield>
    <subfield code="c">&#xF3;rgano del Seminario Pontificio Santo Tom&#xE1;s de Aquino.</subfield>
  </datafield>
  <datafield tag="264" ind1=" " ind2=" ">
    <subfield code="a">Santo Domingo, Rep&#xFA;blica Dominicana :</subfield>
    <subfield code="b">Seminario Pontificio Santo Tom&#xE1;s de Aquino,</subfield>
    <subfield code="c">1997-</subfield>
  </datafield>
  <datafield tag="300" ind1=" " ind2=" ">
    <subfield code="a">volumen ; </subfield>
    <subfield code="c">25 cm.</subfield>
  </datafield>
  <datafield tag="310" ind1=" " ind2=" ">
    <subfield code="a">Semestral. </subfield>
  </datafield>
  <datafield tag="336" ind1=" " ind2=" ">
    <subfield code="a">texto</subfield>
    <subfield code="b">txt</subfield>
    <subfield code="2">rdacontent</subfield>
  </datafield>
  <datafield tag="337" ind1=" " ind2=" ">
    <subfield code="a">sin mediaci&#xF3;n </subfield>
    <subfield code="b">n </subfield>
    <subfield code="2">rdacontent</subfield>
  </datafield>
  <datafield tag="338" ind1=" " ind2=" ">
    <subfield code="a">volumen </subfield>
    <subfield code="b">nc </subfield>
    <subfield code="2">rdacarrier</subfield>
  </datafield>
  <datafield tag="362" ind1=" " ind2=" ">
    <subfield code="a">A&#xF1;o 3. No. 1, enero-junio 1997.</subfield>
  </datafield>
  <datafield tag="500" ind1=" " ind2=" ">
    <subfield code="a">Catalogaci&#xF3;n basada en el: A&#xF1;o 3. No. 1, enero-junio 1997.</subfield>
  </datafield>
  <datafield tag="504" ind1=" " ind2=" ">
    <subfield code="a">Incluye referencias bibliogr&#xE1;ficas a pie de p&#xE1;ginas.</subfield>
  </datafield>
  <datafield tag="650" ind1=" " ind2="7">
    <subfield code="a">Filosof&#xED;a</subfield>
    <subfield code="v">Publicaciones peri&#xF3;dicas </subfield>
    <subfield code="9">89241</subfield>
    <subfield code="z">Rep&#xFA;blica Dominicana</subfield>
  </datafield>
  <datafield tag="650" ind1=" " ind2="7">
    <subfield code="a">Teolog&#xED;a</subfield>
    <subfield code="v">Publicaciones peri&#xF3;dicas</subfield>
    <subfield code="9">89242</subfield>
    <subfield code="z">Rep&#xFA;blica Dominicana</subfield>
  </datafield>
  <datafield tag="650" ind1=" " ind2="0">
    <subfield code="a">Seminario Pontificio Santo Tom&#xE1;s de Aquino</subfield>
    <subfield code="v">Publicaciones peri&#xF3;dicas</subfield>
    <subfield code="9">89244</subfield>
    <subfield code="z">Rep&#xFA;blica Dominicana</subfield>
  </datafield>
  <datafield tag="710" ind1="2" ind2=" ">
    <subfield code="a">Seminario Pontificio Santo Tom&#xE1;s de Aquino</subfield>
    <subfield code="9">89243</subfield>
  </datafield>
  <datafield tag="942" ind1=" " ind2=" ">
    <subfield code="2">ddc</subfield>
    <subfield code="c">ISSUE</subfield>
  </datafield>
  <datafield tag="952" ind1=" " ind2=" ">
    <subfield code="0">0</subfield>
    <subfield code="1">0</subfield>
    <subfield code="2">ddc</subfield>
    <subfield code="4">0</subfield>
    <subfield code="5">6</subfield>
    <subfield code="7">0</subfield>
    <subfield code="8">SE</subfield>
    <subfield code="a">BNPHU</subfield>
    <subfield code="b">BNPHU</subfield>
    <subfield code="c">RE</subfield>
    <subfield code="d">2026-03-18</subfield>
    <subfield code="h">A&#xF1;o 1. No. 1, enero-junio 1995</subfield>
    <subfield code="l">0</subfield>
    <subfield code="p">2026-2374</subfield>
    <subfield code="r">2026-03-18</subfield>
    <subfield code="t">e.1</subfield>
    <subfield code="w">2026-03-18</subfield>
    <subfield code="y">ISSUE</subfield>
  </datafield>
  <datafield tag="952" ind1=" " ind2=" ">
    <subfield code="0">0</subfield>
    <subfield code="1">0</subfield>
    <subfield code="2">ddc</subfield>
    <subfield code="4">0</subfield>
    <subfield code="5">6</subfield>
    <subfield code="7">0</subfield>
    <subfield code="8">SE</subfield>
    <subfield code="a">BNPHU</subfield>
    <subfield code="b">BNPHU</subfield>
    <subfield code="c">RE</subfield>
    <subfield code="d">2026-03-18</subfield>
    <subfield code="h">A&#xF1;o 1. No. 1, enero-junio 1995</subfield>
    <subfield code="l">0</subfield>
    <subfield code="p">2026-2375</subfield>
    <subfield code="r">2026-03-18</subfield>
    <subfield code="t">e.2</subfield>
    <subfield code="w">2026-03-18</subfield>
    <subfield code="y">ISSUE</subfield>
  </datafield>
  <datafield tag="952" ind1=" " ind2=" ">
    <subfield code="0">0</subfield>
    <subfield code="1">0</subfield>
    <subfield code="2">ddc</subfield>
    <subfield code="4">0</subfield>
    <subfield code="5">6</subfield>
    <subfield code="7">0</subfield>
    <subfield code="8">SE</subfield>
    <subfield code="a">BNPHU</subfield>
    <subfield code="b">BNPHU</subfield>
    <subfield code="c">RE</subfield>
    <subfield code="d">2026-04-06</subfield>
    <subfield code="h">A&#xF1;o 2. No. 1, julio-diciembre 1995</subfield>
    <subfield code="l">0</subfield>
    <subfield code="p">2026-2505</subfield>
    <subfield code="r">2026-04-06</subfield>
    <subfield code="t">e.1</subfield>
    <subfield code="w">2026-04-06</subfield>
    <subfield code="y">ISSUE</subfield>
  </datafield>
  <datafield tag="952" ind1=" " ind2=" ">
    <subfield code="0">0</subfield>
    <subfield code="1">0</subfield>
    <subfield code="2">ddc</subfield>
    <subfield code="4">0</subfield>
    <subfield code="5">6</subfield>
    <subfield code="7">0</subfield>
    <subfield code="8">SE</subfield>
    <subfield code="a">BNPHU</subfield>
    <subfield code="b">BNPHU</subfield>
    <subfield code="c">RE</subfield>
    <subfield code="d">2026-04-06</subfield>
    <subfield code="h">A&#xF1;o 2. No. 1, enero-junio 1996</subfield>
    <subfield code="l">0</subfield>
    <subfield code="p">2026-2506</subfield>
    <subfield code="r">2026-04-06</subfield>
    <subfield code="t">e.1</subfield>
    <subfield code="w">2026-04-06</subfield>
    <subfield code="y">ISSUE</subfield>
  </datafield>
  <datafield tag="952" ind1=" " ind2=" ">
    <subfield code="0">0</subfield>
    <subfield code="1">0</subfield>
    <subfield code="2">ddc</subfield>
    <subfield code="4">0</subfield>
    <subfield code="5">6</subfield>
    <subfield code="7">0</subfield>
    <subfield code="8">SE</subfield>
    <subfield code="a">BNPHU</subfield>
    <subfield code="b">BNPHU</subfield>
    <subfield code="c">RE</subfield>
    <subfield code="d">2026-04-06</subfield>
    <subfield code="h">A&#xF1;o 3. No. 2, julio-diciembre 1997</subfield>
    <subfield code="l">0</subfield>
    <subfield code="p">2026-2507</subfield>
    <subfield code="r">2026-04-06</subfield>
    <subfield code="t">e.1</subfield>
    <subfield code="w">2026-04-06</subfield>
    <subfield code="y">ISSUE</subfield>
  </datafield>
  <datafield tag="952" ind1=" " ind2=" ">
    <subfield code="0">0</subfield>
    <subfield code="1">0</subfield>
    <subfield code="2">ddc</subfield>
    <subfield code="4">0</subfield>
    <subfield code="5">6</subfield>
    <subfield code="7">0</subfield>
    <subfield code="8">SE</subfield>
    <subfield code="a">BNPHU</subfield>
    <subfield code="b">BNPHU</subfield>
    <subfield code="c">RE</subfield>
    <subfield code="d">2026-04-06</subfield>
    <subfield code="h">A&#xF1;o 3. No. 2, julio-diciembre 1997</subfield>
    <subfield code="l">0</subfield>
    <subfield code="p">2026-2508</subfield>
    <subfield code="r">2026-04-06</subfield>
    <subfield code="t">e.2</subfield>
    <subfield code="w">2026-04-06</subfield>
    <subfield code="y">ISSUE</subfield>
  </datafield>
  <datafield tag="952" ind1=" " ind2=" ">
    <subfield code="0">0</subfield>
    <subfield code="1">0</subfield>
    <subfield code="2">ddc</subfield>
    <subfield code="4">0</subfield>
    <subfield code="5">6</subfield>
    <subfield code="7">0</subfield>
    <subfield code="8">SE</subfield>
    <subfield code="a">BNPHU</subfield>
    <subfield code="b">BNPHU</subfield>
    <subfield code="c">RE</subfield>
    <subfield code="d">2026-04-06</subfield>
    <subfield code="h">A&#xF1;o 3. No. 2, julio-diciembre 1997</subfield>
    <subfield code="l">0</subfield>
    <subfield code="r">2026-04-06</subfield>
    <subfield code="t">e.3</subfield>
    <subfield code="w">2026-04-06</subfield>
    <subfield code="y">ISSUE</subfield>
  </datafield>
  <datafield tag="952" ind1=" " ind2=" ">
    <subfield code="0">0</subfield>
    <subfield code="1">0</subfield>
    <subfield code="2">ddc</subfield>
    <subfield code="4">0</subfield>
    <subfield code="5">6</subfield>
    <subfield code="7">0</subfield>
    <subfield code="8">SE</subfield>
    <subfield code="a">BNPHU</subfield>
    <subfield code="b">BNPHU</subfield>
    <subfield code="c">RE</subfield>
    <subfield code="d">2026-04-06</subfield>
    <subfield code="h">A&#xF1;o 4. No. 1, enero-junio 1998</subfield>
    <subfield code="l">0</subfield>
    <subfield code="p">2026-2509</subfield>
    <subfield code="r">2026-04-06</subfield>
    <subfield code="t">e.1</subfield>
    <subfield code="w">2026-04-06</subfield>
    <subfield code="y">ISSUE</subfield>
  </datafield>
  <datafield tag="952" ind1=" " ind2=" ">
    <subfield code="0">0</subfield>
    <subfield code="1">0</subfield>
    <subfield code="2">ddc</subfield>
    <subfield code="4">0</subfield>
    <subfield code="5">6</subfield>
    <subfield code="7">0</subfield>
    <subfield code="8">SE</subfield>
    <subfield code="a">BNPHU</subfield>
    <subfield code="b">BNPHU</subfield>
    <subfield code="c">RE</subfield>
    <subfield code="d">2026-04-06</subfield>
    <subfield code="h">A&#xF1;o 4. No. 1, enero-junio 1998</subfield>
    <subfield code="l">0</subfield>
    <subfield code="p">2026-2510</subfield>
    <subfield code="r">2026-04-06</subfield>
    <subfield code="t">e.2</subfield>
    <subfield code="w">2026-04-06</subfield>
    <subfield code="y">ISSUE</subfield>
  </datafield>
  <datafield tag="952" ind1=" " ind2=" ">
    <subfield code="0">0</subfield>
    <subfield code="1">0</subfield>
    <subfield code="2">ddc</subfield>
    <subfield code="4">0</subfield>
    <subfield code="5">6</subfield>
    <subfield code="7">0</subfield>
    <subfield code="8">SE</subfield>
    <subfield code="a">BNPHU</subfield>
    <subfield code="b">BNPHU</subfield>
    <subfield code="c">RE</subfield>
    <subfield code="d">2026-04-06</subfield>
    <subfield code="h">A&#xF1;o 5. No. 1, enero-junio 1999</subfield>
    <subfield code="l">0</subfield>
    <subfield code="p">2026-2511</subfield>
    <subfield code="r">2026-04-06</subfield>
    <subfield code="t">e.1</subfield>
    <subfield code="w">2026-04-06</subfield>
    <subfield code="y">ISSUE</subfield>
  </datafield>
  <datafield tag="952" ind1=" " ind2=" ">
    <subfield code="0">0</subfield>
    <subfield code="1">0</subfield>
    <subfield code="2">ddc</subfield>
    <subfield code="4">0</subfield>
    <subfield code="5">6</subfield>
    <subfield code="7">0</subfield>
    <subfield code="8">SE</subfield>
    <subfield code="a">BNPHU</subfield>
    <subfield code="b">BNPHU</subfield>
    <subfield code="c">RE</subfield>
    <subfield code="d">2026-04-06</subfield>
    <subfield code="h">A&#xF1;o 5. No. 2, julio-diciembre 1999</subfield>
    <subfield code="l">0</subfield>
    <subfield code="p">2026-2512</subfield>
    <subfield code="r">2026-04-06</subfield>
    <subfield code="t">e.1</subfield>
    <subfield code="w">2026-04-06</subfield>
    <subfield code="y">ISSUE</subfield>
  </datafield>
  <datafield tag="952" ind1=" " ind2=" ">
    <subfield code="0">0</subfield>
    <subfield code="1">0</subfield>
    <subfield code="2">ddc</subfield>
    <subfield code="4">0</subfield>
    <subfield code="5">6</subfield>
    <subfield code="7">0</subfield>
    <subfield code="8">SE</subfield>
    <subfield code="a">BNPHU</subfield>
    <subfield code="b">BNPHU</subfield>
    <subfield code="c">RE</subfield>
    <subfield code="d">2026-04-06</subfield>
    <subfield code="h">A&#xF1;o 5. No. 2, julio-diciembre 1999</subfield>
    <subfield code="l">0</subfield>
    <subfield code="p">2026-2513</subfield>
    <subfield code="r">2026-04-06</subfield>
    <subfield code="t">e.2</subfield>
    <subfield code="w">2026-04-06</subfield>
    <subfield code="y">ISSUE</subfield>
  </datafield>
  <datafield tag="952" ind1=" " ind2=" ">
    <subfield code="0">0</subfield>
    <subfield code="1">0</subfield>
    <subfield code="2">ddc</subfield>
    <subfield code="4">0</subfield>
    <subfield code="5">6</subfield>
    <subfield code="7">0</subfield>
    <subfield code="8">SE</subfield>
    <subfield code="a">BNPHU</subfield>
    <subfield code="b">BNPHU</subfield>
    <subfield code="c">RE</subfield>
    <subfield code="d">2026-04-06</subfield>
    <subfield code="h">A&#xF1;o 6. No. 1, julio-diciembre 2000</subfield>
    <subfield code="l">0</subfield>
    <subfield code="p">2026-2514</subfield>
    <subfield code="r">2026-04-06</subfield>
    <subfield code="t">e.1</subfield>
    <subfield code="w">2026-04-06</subfield>
    <subfield code="y">ISSUE</subfield>
  </datafield>
  <datafield tag="952" ind1=" " ind2=" ">
    <subfield code="0">0</subfield>
    <subfield code="1">0</subfield>
    <subfield code="2">ddc</subfield>
    <subfield code="4">0</subfield>
    <subfield code="5">6</subfield>
    <subfield code="7">0</subfield>
    <subfield code="8">SE</subfield>
    <subfield code="a">BNPHU</subfield>
    <subfield code="b">BNPHU</subfield>
    <subfield code="c">RE</subfield>
    <subfield code="d">2026-04-06</subfield>
    <subfield code="h">A&#xF1;o 6. No. 1, julio-diciembre 2000</subfield>
    <subfield code="l">0</subfield>
    <subfield code="p">2026-2515</subfield>
    <subfield code="r">2026-04-06</subfield>
    <subfield code="t">e.2</subfield>
    <subfield code="w">2026-04-06</subfield>
    <subfield code="y">ISSUE</subfield>
  </datafield>
  <datafield tag="952" ind1=" " ind2=" ">
    <subfield code="0">0</subfield>
    <subfield code="1">0</subfield>
    <subfield code="2">ddc</subfield>
    <subfield code="4">0</subfield>
    <subfield code="5">6</subfield>
    <subfield code="7">0</subfield>
    <subfield code="8">SE</subfield>
    <subfield code="a">BNPHU</subfield>
    <subfield code="b">BNPHU</subfield>
    <subfield code="c">RE</subfield>
    <subfield code="d">2026-04-06</subfield>
    <subfield code="h">A&#xF1;o 7. No. 2, julio-diciembre 2001</subfield>
    <subfield code="l">0</subfield>
    <subfield code="p">2026-2516</subfield>
    <subfield code="r">2026-04-06</subfield>
    <subfield code="t">e.1</subfield>
    <subfield code="w">2026-04-06</subfield>
    <subfield code="y">ISSUE</subfield>
  </datafield>
  <datafield tag="952" ind1=" " ind2=" ">
    <subfield code="0">0</subfield>
    <subfield code="1">0</subfield>
    <subfield code="2">ddc</subfield>
    <subfield code="4">0</subfield>
    <subfield code="5">6</subfield>
    <subfield code="7">0</subfield>
    <subfield code="8">SE</subfield>
    <subfield code="a">BNPHU</subfield>
    <subfield code="b">BNPHU</subfield>
    <subfield code="c">RE</subfield>
    <subfield code="d">2026-04-17</subfield>
    <subfield code="h"> A&#xF1;o 4. No. 2, julio-diciembre 1998</subfield>
    <subfield code="l">0</subfield>
    <subfield code="p">2026-2887</subfield>
    <subfield code="r">2026-04-17</subfield>
    <subfield code="t">e.1</subfield>
    <subfield code="w">2026-04-17</subfield>
    <subfield code="y">ISSUE</subfield>
  </datafield>
  <datafield tag="952" ind1=" " ind2=" ">
    <subfield code="0">0</subfield>
    <subfield code="1">0</subfield>
    <subfield code="2">ddc</subfield>
    <subfield code="4">0</subfield>
    <subfield code="5">6</subfield>
    <subfield code="7">0</subfield>
    <subfield code="8">SE</subfield>
    <subfield code="a">BNPHU</subfield>
    <subfield code="b">BNPHU</subfield>
    <subfield code="c">RE</subfield>
    <subfield code="d">2026-04-17</subfield>
    <subfield code="h">A&#xF1;o 7. No. 2, julio-diciembre 2001</subfield>
    <subfield code="l">0</subfield>
    <subfield code="p">2026-2888</subfield>
    <subfield code="r">2026-04-17</subfield>
    <subfield code="t">e.2</subfield>
    <subfield code="w">2026-04-17</subfield>
    <subfield code="y">ISSUE</subfield>
  </datafield>
  <datafield tag="999" ind1=" " ind2=" ">
    <subfield code="c">60515</subfield>
    <subfield code="d">60515</subfield>
  </datafield>
</record>
